|
|
|
|
| LEADER |
01291nam a22003612a 4500 |
| 001 |
000076821 |
| 003 |
CZ BrMZK |
| 005 |
20080221103416.0 |
| 007 |
ta |
| 008 |
950101s1990 xr a f cze d |
| 015 |
|
|
|a cnb000061713
|
| 020 |
|
|
|a 80-85037-02-5
|q (brož.) :
|c Kčs 48,00
|
| 035 |
|
|
|a (OCoLC)39598268
|
| 040 |
|
|
|a ABA001
|b cze
|d ABA001
|
| 080 |
9 |
|
|a 581.9:582.594.4(234.372.3Bílé Karpaty)(048.8)
|
| 080 |
9 |
|
|a 581.9
|
| 080 |
9 |
|
|a 582.5/.9
|
| 080 |
9 |
|
|a 852.594.2-19(234.372.3Bílé Karpaty)(048.8)
|
| 100 |
1 |
|
|a Tlusták, Vlastimil,
|d 1949-
|7 ola2003175006
|4 aut
|
| 245 |
1 |
0 |
|a Orchideje Bílých Karpat /
|c Vlastimil Tlusták, Ivana Jongepierová-Hlobilová ; kresby Josef Dohnal
|
| 250 |
|
|
|a 1. vyd.
|
| 260 |
|
|
|a Olomouc :
|b Krajské vlastivědné muzeum,
|c 1990
|
| 300 |
|
|
|a 127 s. :
|b il., tab., mp. ;
|c 30 cm
|
| 504 |
|
|
|a Obsahuje bibliografii
|
| 546 |
|
|
|a Anglické a německé resumé
|
| 500 |
|
|
|a 1000 výt.
|
| 700 |
1 |
|
|a Dohnal, Josef,
|d 1899-1991
|7 jn19981000696
|4 ill
|
| 700 |
1 |
|
|a Jongepierová, Ivana,
|d 1962-
|7 ola2005262938
|4 aut
|
| 910 |
|
|
|a BOA001
|b 4-0967.856
|
| 964 |
|
|
|a Vstavačovité - Bílé Karpaty - výskyt
|
| 990 |
|
|
|a BK
|
| 991 |
|
|
|b 200802
|
| 996 |
7 |
|
|b 2619968537
|c 4-0967.856
|l MZK
|r Sklad / do 1 hodiny
|n 28
|w 000076821
|u 000010
|a 1
|e BOA001
|j MZK50
|s A
|